000 00601nam a22001937a 4500
999 _c22482
_d22482
003 AR-CdUCM
008 190409b ||||| |||| 00| 0 spa d
020 _a9786124747755
040 _aMUNICIPALIDAD PROVINCIAL DEL CUSCO
_cBIBLIOTECA MUNICIPAL DEL CUSCO
082 _a869.56/D78C
_bD78C
100 _aDi Paolo, Rossella
_948297
245 _aContinuidad de los cuadros /
_cRossella Di Paolo
260 _aLima :
_bParacaídas Editores,
_c2020.
300 _a68, [2] páginas. :
_c20 cm.
650 _aPoesías peruanas
_948298
650 _aSiglo XX
_948299
942 _2ddc
_cLIBROS
945 _arac